000
00314nam a22001337a 4500
008
170220b xxu||||| |||| 00| 0 eng d
020
_a
0394569490
041
_a
eng
080
_a
615
100
_a
5
101
_a
SHF
245
_a
GUIDE TO PRESCRIPTION AND OVER-THE-COUNTER DRUGS
_c
SAMMONS, J.H
942
_2
udc
_c
BK
999
_c
5885
_d
5885